| 000 | 00606nam a22001937a 4500 | ||
|---|---|---|---|
| 999 |
_c188765 _d188765 |
||
| 005 | 20220606125517.0 | ||
| 010 | _aENG-132972 | ||
| 020 |
_a9788123795225 _c420.00 |
||
| 035 | _aEN-116504 | ||
| 037 | _bDBAD/PUB | ||
| 082 | _aS | ||
| 245 |
_aSelected Stories of Kartar Singh Duggal/ _cEdited by Baldev Singh; Translated by Manohar lal |
||
| 260 |
_aNew Delhi _bNational Book Trust _c2021 |
||
| 270 |
_aNehru Bhawan, 5 Institutional Area, Phase-II, Vasant Kunj _bNew Delhi _e110070 |
||
| 300 |
_axxv, 452p. _c21cm(pbk) |
||
| 700 | _aBaldev Singh | ||
| 700 | _aLal, Manohar | ||
| 942 |
_2ddc _cEN _hS _mSEL |
||